The farm homesteads of England (Record no. 114142)
[ view plain ]
| 000 -LEADER | |
|---|---|
| fixed length control field | 00964cam a22002055a 4500 |
| 001 - CONTROL NUMBER | |
| control field | L156271 |
| 008 - FIXED-LENGTH DATA ELEMENTS--GENERAL INFORMATION | |
| fixed length control field | 120510s1865 xxk f 000 0 eng d |
| 035 ## - SYSTEM CONTROL NUMBER | |
| System control number | (Sirsi) u156271 |
| 041 0# - LANGUAGE CODE | |
| Language code of text/sound track or separate title | eng |
| 100 1# - MAIN ENTRY--PERSONAL NAME | |
| Personal name | Bailey-Denton, John |
| Dates associated with a name | 1814-1893 |
| 245 04 - TITLE STATEMENT | |
| Title | The farm homesteads of England |
| Remainder of title | a collection of plans of English homesteads existing in different parts of the country, carefully selected from the most approved specimens of farm architecture, to illustrate the accommodation required under various modes of husbandry, with a digest of the leading principles recognised in the construction and arrangement of the buildings |
| 250 ## - EDITION STATEMENT | |
| Edition statement | 2nd ed. |
| 260 ## - PUBLICATION, DISTRIBUTION, ETC. | |
| Place of publication, distribution, etc. | London |
| Name of publisher, distributor, etc. | Chapman & Hall |
| Date of publication, distribution, etc. | 1865 |
| 300 ## - PHYSICAL DESCRIPTION | |
| Extent | xv, 10-188 p. |
| Other physical details | 1 map. 27 plans, 41 pl. |
| Dimensions | 36 cm. |
| 583 0# - ACTION NOTE | |
| Action | Condition reviewed |
| Time/date of action | 20120620 |
| Status | condition level 4, one board detached, one missing |
| 651 #4 - SUBJECT ADDED ENTRY--GEOGRAPHIC NAME | |
| Geographic name | England |
| Chronological subdivision | 886- |
| 690 ## - LOCAL SUBJECT ADDED ENTRY--TOPICAL TERM (OCLC, RLIN) | |
| Topical term or geographic name as entry element | Rural |
| 9 (RLIN) | 6268 |
| 690 ## - LOCAL SUBJECT ADDED ENTRY--TOPICAL TERM (OCLC, RLIN) | |
| Topical term or geographic name as entry element | Design and specification |
| 942 ## - ADDED ENTRY ELEMENTS (KOHA) | |
| Suppress in OPAC | 0 |
| Withdrawn status | Lost status | Source of classification or shelving scheme | Damaged status | Not for loan | Home library | Current library | Shelving location | Date acquired | Total Checkouts | Full call number | Barcode | Date last seen | Copy number | Price effective from | Koha item type |
|---|---|---|---|---|---|---|---|---|---|---|---|---|---|---|---|
| Dewey Decimal Classification | Historic collection | Historic collection | Historic collection | 10/05/2012 | FOLIO 1865 DENTON | 30077695 | 06/08/2019 | 1 | 06/08/2019 | Book |